000 00839nam a2200265Ia 4500
003 OSt
005 20220926000618.0
006 a|||||r|||| 00| 0
007 ta
008 220923b |||||||| |||| 00| 0 eng d
020 _a8190006169
037 _cGeneral Book
040 _aRTL
_cRTL
_beng
041 _2eng
_aeng
082 _aX9(D26).255,hN, N0
100 _aParanjpye Vijay
_9302846
245 0 _aHigh dams on the Narmada
_bA holistic analysis of
260 _a New Delhi
_bIndian National Trust for Art and Cultural Heritage India
_c1990
300 _axxvii,320p
_ccm.
490 _aStudies in Ecology and Sustainable Development, 3.
500 _aBibliography p.313-20
650 _aRiver Industry
_9233815
942 _hX9(D26).255,hN, N0
_cGB
_2CC
999 _c599386
_d599386